[Event "Canadian zt"]
[Site "Toronto"]
[Date "2024.04.01"]
[Round "9"]
[White "Saha, Ananda"]
[Black "Xu, Daniel"]
[Result "1-0"]
[WhiteElo "2022"]
[BlackElo "2212"]
[PlyCount "131"]
[EventDate "2024.03.27"]
[EventType "team-swiss"]
[EventRounds "10"]
[EventCountry "CAN"]
[SourceTitle "CB15_2024"]
[SourceDate "2024.04.10"]
[SourceVersion "1"]
[SourceVersionDate "2024.04.10"]
[SourceQuality "1"]

1. e4 c5 2. Nf3 d6 3. d4 Nf6 4. dxc5 Nxe4 5. cxd6 Nxd6 6. Bd3 Nc6 7. 0-0 g6 8. Re1 Bg7 9. c3 0-0 10. Nbd2 e5 11. Ne4 Nxe4 12. Bxe4 Qc7 13. Qe2 Re8 14. Be3 h6 15. Bd5 Be6 16. Bxe6 Rxe6 17. Qc4 Rc8 18. Rad1 Ree8 19. Nd2 Qe7 20. Ne4 Nd4 21. Qd3 Ne6 22. Bxa7 Ra8 23. Qe3 Rec8 24. b4 Rc6 25. Bc5 Nxc5 26. Nxc5 b6 27. Qe4 Rcc8 28. Nd7 Qe6 29. Qe3 e4 30. Qxb6 Qxa2 31. Nf6+ Bxf6 32. Qxf6 Qc4 33. h4 Rc6 34. Rd8+ Rxd8 35. Qxd8+ Kg7 36. Re3 h5 37. Qe7 Qd5 38. Kh2 Re6 39. Qc7 Rf6 40. Qg3 Kh7 41. f3 exf3 42. Rxf3 Rc6 43. Qf4 Kg7 44. b5 Rc4 45. Qf6+ Kg8 46. Qe7 Re4 47. Qf6 Qc4 48. b6 Rxh4+ 49. Kg1 Re4 50. b7 Re1+ 51. Rf1 Re8 52. Qd6 Qb3 53. Qc7 h4 54. c4 f5 55. Qc6 Kf7 56. Qd5+ Kf8 57. Qd6+ Kf7 58. Qc7+ Kg8 59. Rf3 Qb2 60. Kh2 Qb4 61. c5 Rf8 62. c6 Qb2 63. Qd6 Kg7 64. Qe7+ Rf7 65. Qc5 Rf8 66. Qc3+ 1-0

[Event "Canadian zt"]
[Site "Toronto"]
[Date "2024.03.28"]
[Round "2"]
[White "Atanasov, Anthony"]
[Black "Xu, Daniel"]
[Result "1-0"]
[WhiteElo "2407"]
[BlackElo "2212"]
[PlyCount "125"]
[EventDate "2024.03.27"]
[EventType "team-swiss"]
[EventRounds "10"]
[EventCountry "CAN"]
[SourceTitle "CB15_2024"]
[SourceDate "2024.04.10"]
[SourceVersion "1"]
[SourceVersionDate "2024.04.10"]
[SourceQuality "1"]

1. d4 Nf6 2. c4 g6 3. Nc3 Bg7 4. e4 d6 5. Be2 0-0 6. Be3 e5 7. d5 Na6 8. h4 Nc5 9. Qc2 a5 10. h5 Ne8 11. g4 Bd7 12. Qd2 c6 13. hxg6 fxg6 14. Nh3 cxd5 15. Qxd5+ Ne6 16. 0-0-0 Kh8 17. c5 Rc8 18. Bc4 Rc6 19. Qd2 Nf6 20. Ng5 Nxg5 21. Bxg5 Bxg4 22. Be2 Bxe2 23. Qxe2 Rxc5 24. Kb1 Qd7 25. Qd2 Rc6 26. Bxf6 Rxf6 27. Nd5 Rf8 28. Qg5 Qf7 29. Rxh7+ Kxh7 30. Rh1+ Kg8 31. Ne7+ Qxe7 32. Qxe7 Rxf2 33. Qe8+ Rf8 34. Qxg6 Rf6 35. Qe8+ Rf8 36. Qe6+ Rf7 37. Rf1 Rcc7 38. a3 a4 39. Rg1 Rc6 40. Rf1 Rcc7 41. Ka2 Rce7 42. Qc8+ Bf8 43. Qc4 Rc7 44. Rg1+ Bg7 45. Qxa4 Kf8 46. Qa8+ Ke7 47. Qb8 Kd7 48. Rg3 Bh6 49. Qg8 Ke7 50. Rh3 Bf8 51. Rd3 Rf6 52. Qd5 Ke8 53. a4 Rg6 54. Rb3 Rgg7 55. Qe6+ Kd8 56. Rf3 Be7 57. Rh3 Rc6 58. Rh8+ Kc7 59. Rc8+ Kb6 60. Ra8 Bg5 61. a5+ Kc5 62. Qd5+ Kb4 63. Rb8 1-0

[Event "Titled Tuesday intern op 27th Feb Late"]
[Site "Chess.com INT"]
[Date "2024.02.27"]
[Round "2"]
[White "Xu, Daniel"]
[Black "Hamitevici, Vladimir"]
[Result "0-1"]
[WhiteElo "2212"]
[BlackElo "2470"]
[PlyCount "76"]
[EventDate "2024.02.27"]
[EventType "swiss (blitz)"]
[EventRounds "11"]
[EventCountry "USA"]
[SourceTitle "CB10_2024"]
[SourceDate "2024.03.06"]
[SourceVersion "1"]
[SourceVersionDate "2024.03.06"]
[SourceQuality "1"]

1. e4 c5 2. Nf3 d6 3. d4 cxd4 4. Nxd4 Nf6 5. Nc3 a6 6. Be3 e5 7. Nb3 Be6 8. f3 Nbd7 9. Qd2 Qc7 10. g4 h6 11. 0-0-0 b5 12. Kb1 Rc8 13. h4 Nb6 14. a3 Nfd7 15. Nd5 Bxd5 16. exd5 Nc4 17. Bxc4 bxc4 18. Na5 c3 19. Qxc3 Qxc3 20. bxc3 Rxc3 21. Rd3 Rxd3 22. cxd3 Nf6 23. Rc1 Nxd5 24. Bd2 Kd7 25. Rc6 Be7 26. Rxa6 Bxh4 27. Ra7+ Ke6 28. Nc4 Be7 29. a4 Rb8+ 30. Kc2 Nb4+ 31. Bxb4 Rxb4 32. a5 d5 33. Ra6+ Kd7 34. Ra7+ Ke8 35. Nb6 Rb5 36. Ra8+ Bd8 37. Nc8 Kd7 38. a6 Rc5+ 0-1

[Event "Titled Tuesday intern op 16th Jan Early"]
[Site "Chess.com INT"]
[Date "2024.01.16"]
[Round "1"]
[White "Xu, Daniel"]
[Black "Kuzubov, Yuriy"]
[Result "0-1"]
[WhiteElo "2228"]
[BlackElo "2605"]
[PlyCount "88"]
[EventDate "2024.01.16"]
[EventType "swiss (blitz)"]
[EventRounds "11"]
[EventCountry "USA"]
[SourceTitle "CB04_2024"]
[SourceDate "2023.10.16"]
[SourceVersion "1"]
[SourceVersionDate "2023.10.16"]
[SourceQuality "1"]

1. e4 e6 2. d4 d5 3. Nd2 Nc6 4. Ngf3 Nf6 5. e5 Nd7 6. Be2 f6 7. exf6 Qxf6 8. Nf1 Bd6 9. Ne3 Qg6 10. 0-0 0-0 11. c4 Nf6 12. c5 Be7 13. Bb5 Bd7 14. Re1 Qe8 15. a3 a5 16. Bd3 Qh5 17. Bd2 Kh8 18. b4 axb4 19. axb4 Rxa1 20. Qxa1 Ne4 21. Bxe4 dxe4 22. Ne5 Nxe5 23. dxe5 Qf7 24. Nd1 Bc6 25. Be3 h5 26. Nc3 h4 27. b5 Bd5 28. h3 Qf5 29. Nxd5 exd5 30. Qd4 c6 31. b6 Ra8 32. Ra1 Qc8 33. Qc3 Rxa1+ 34. Qxa1 Kg8 35. Bd4 Kf7 36. Qa7 Ke6 37. Kf1 Bg5 38. Ke2 Bf4 39. Qa1 g5 40. Be3 Bxe5 41. Qc1 Qa8 42. Bxg5 Qa6+ 43. Ke1 Qd3 44. Qe3 Bc3+ 0-1

[Event "North American-ch U20"]
[Site "Dulles"]
[Date "2023.12.20"]
[Round "3"]
[White "Willy, Stephen"]
[Black "Xu, Daniel"]
[Result "1/2-1/2"]
[WhiteElo "2080"]
[BlackElo "2255"]
[PlyCount "29"]
[EventDate "2023.12.19"]
[EventType "swiss"]
[EventRounds "9"]
[EventCountry "USA"]
[SourceTitle "CB52_2023"]
[SourceDate "2023.12.27"]
[SourceVersion "1"]
[SourceVersionDate "2023.12.27"]
[SourceQuality "1"]

1. e4 c5 2. c3 d5 3. exd5 Qxd5 4. d4 Nf6 5. Nf3 e6 6. Na3 Nc6 7. Be3 cxd4 8. Nb5 Qd7 9. Nbxd4 a6 10. Nxc6 Qxc6 11. Ne5 Qe4 12. Qd4 Qxd4 13. Bxd4 Nd7 14. Be2 f6 15. Bh5+ 1/2-1/2

[Event "Wch U16"]
[Site "Montesilvano"]
[Date "2023.11.24"]
[Round "11"]
[White "Lopez Garcia, Miguel Angel"]
[Black "Xu, Daniel"]
[Result "1/2-1/2"]
[WhiteElo "1953"]
[BlackElo "2266"]
[PlyCount "56"]
[EventDate "2023.11.13"]
[EventType "swiss"]
[EventRounds "11"]
[EventCountry "ITA"]
[SourceTitle "CB48_2023"]
[SourceDate "2023.11.29"]
[SourceVersion "1"]
[SourceVersionDate "2023.11.29"]
[SourceQuality "1"]

1. e4 c5 2. Nf3 d6 3. Nc3 a6 4. d4 cxd4 5. Nxd4 Nf6 6. Bc4 e6 7. Bb3 Nbd7 8. Bg5 Nc5 9. f4 Be7 10. Qe2 0-0 11. 0-0-0 Qc7 12. Kb1 b5 13. e5 Ne8 14. Bxe7 Qxe7 15. exd6 Nxd6 16. Qe5 Nxb3 17. Nd5 Qb7 18. Qxd6 exd5 19. Nxb3 Be6 20. Nc5 Qc8 21. Nxe6 fxe6 22. Rhe1 Rf6 23. f5 Rxf5 24. Rxe6 Qf8 25. Qc6 Qc8 26. Qd6 Qf8 27. Qc6 Qc8 28. Qd6 Qf8 1/2-1/2

[Event "Wch U16"]
[Site "Montesilvano"]
[Date "2023.11.18"]
[Round "6"]
[White "Xu, Daniel"]
[Black "Ramaj, Ergit"]
[Result "1-0"]
[WhiteElo "2266"]
[BlackElo "2077"]
[PlyCount "99"]
[EventDate "2023.11.13"]
[EventType "swiss"]
[EventRounds "11"]
[EventCountry "ITA"]
[SourceTitle "CB48_2023"]
[SourceDate "2023.11.29"]
[SourceVersion "1"]
[SourceVersionDate "2023.11.29"]
[SourceQuality "1"]

1. e4 e5 2. Nf3 Nc6 3. Bb5 Nf6 4. d3 Bc5 5. Bxc6 dxc6 6. h3 Be6 7. Nbd2 Nd7 8. Nb3 Bb6 9. Ng5 Nf8 10. Nxe6 Nxe6 11. a4 a6 12. 0-0 0-0 13. Be3 Bxe3 14. fxe3 a5 15. Rf5 f6 16. Qe2 b6 17. Kh1 Qe7 18. Rf2 Rad8 19. g4 Rf7 20. Nd2 Nf8 21. Raf1 Ng6 22. Nf3 Rdf8 23. h4 Qe6 24. Rg2 Ne7 25. Qe1 Nc8 26. Rfg1 Nd6 27. Kh2 Ne8 28. g5 g6 29. Qg3 Re7 30. gxf6 Qxf6 31. Nd2 Ng7 32. Rf1 Qe6 33. Rxf8+ Kxf8 34. Nc4 Nh5 35. Qg5 Qf6 36. Kg1 Ke8 37. Qg4 Re6 38. Rf2 Qe7 39. Nxe5 Nf6 40. Qf3 Nxe4 41. Qxe4 Rxe5 42. Qxc6+ Kd8 43. Rf4 Qc5 44. Rd4+ Ke7 45. Rd7+ Ke8 46. Rxc7+ Qxc6 47. Rxc6 Rxe3 48. Rxb6 Rg3+ 49. Kh2 Rg4 50. Re6+ 1-0

[Event "Wch U16"]
[Site "Montesilvano"]
[Date "2023.11.13"]
[Round "1"]
[White "Afonso, Joao Pedro"]
[Black "Xu, Daniel"]
[Result "0-1"]
[WhiteElo "1906"]
[BlackElo "2266"]
[PlyCount "142"]
[EventDate "2023.11.13"]
[EventType "swiss"]
[EventRounds "11"]
[EventCountry "ITA"]
[SourceTitle "CB48_2023"]
[SourceDate "2023.11.29"]
[SourceVersion "1"]
[SourceVersionDate "2023.11.29"]
[SourceQuality "1"]

1. e4 c5 2. Nf3 d6 3. a3 Nf6 4. Nc3 g6 5. d4 cxd4 6. Qd2 d3 7. Qxd3 Bg7 8. Qd4 Nbd7 9. Bb5 0-0 10. 0-0 Ng4 11. Be3 Nxe3 12. Qxe3 a6 13. Bc4 Qc7 14. Ba2 Nb6 15. Qd3 Bd7 16. Nd4 Rac8 17. Rad1 Qc5 18. h3 Na4 19. Nxa4 Bxa4 20. Bb3 Bxb3 21. cxb3 Qb6 22. b4 Rc7 23. Nc2 Bxb2 24. Ne3 Qb5 25. Qb3 Bg7 26. Nd5 Rd7 27. Rfe1 Rc8 28. a4 Qc6 29. Qb1 Bh6 30. Rd3 Rcd8 31. b5 Qc5 32. Rc3 Qd4 33. Rd1 Qxa4 34. Qd3 Bg7 35. Rc2 Qa5 36. bxa6 bxa6 37. Rc6 Qb5 38. Rxa6 Qxd3 39. Rxd3 Rb8 40. Rc6 Be5 41. g3 Ra7 42. Rc4 h5 43. Kg2 Rb2 44. Rc7 Rxc7 45. Nxc7 e6 46. Ne8 Rb8 47. Nxd6 Rd8 48. Nxf7 Rxd3 49. Nxe5 Rd4 50. Nxg6 Rxe4 51. Kf3 Re1 52. Nf4 Re5 53. Nd3 Ra5 54. g4 Ra3 55. Ke4 h4 56. Nf4 Kf7 57. g5 Rb3 58. Nd3 Kg6 59. f4 Kh5 60. Ke3 Ra3 61. Ke4 Ra2 62. Nc5 Re2+ 63. Kf3 Rh2 64. Nxe6 Rxh3+ 65. Ke4 Ra3 66. g6 Kxg6 67. Ng5 h3 68. Nf3 Ra2 69. Ne5+ Kg7 70. Ng4 h2 71. Nxh2 Rxh2 0-1

[Event "Titled Tuesday intern op 26th Sep Early"]
[Site "Chess.com INT"]
[Date "2023.09.26"]
[Round "2"]
[White "Bharath, Subramaniyam H"]
[Black "Xu, Daniel"]
[Result "1-0"]
[WhiteElo "2496"]
[BlackElo "2274"]
[PlyCount "59"]
[EventDate "2023.09.26"]
[EventType "swiss (blitz)"]
[EventRounds "11"]
[EventCountry "USA"]
[SourceTitle "EXT 2024"]
[Source "ChessBase"]
[SourceDate "2023.10.10"]
[SourceVersion "1"]
[SourceVersionDate "2023.10.10"]
[SourceQuality "1"]

1. d4 Nf6 2. Nf3 g6 3. Bf4 Bg7 4. e3 d6 5. h3 0-0 6. Be2 Nbd7 7. 0-0 b6 8. c4 Bb7 9. Nc3 Ne4 10. Nxe4 Bxe4 11. Bh2 Nf6 12. d5 Bxf3 13. Bxf3 Nd7 14. Qc2 a5 15. Be2 Nc5 16. Rad1 Re8 17. Bf3 Qd7 18. h4 h5 19. b3 Bf6 20. Bg3 Rab8 21. Be2 c6 22. dxc6 Qxc6 23. Bf3 Qc7 24. Bd5 Kg7 25. Qe2 Qd7 26. f4 b5 27. cxb5 Rxb5 28. e4 Rb4 29. e5 Qe6 30. Bxe6 1-0

[Event "Charlotte Super op"]
[Site "Charlotte"]
[Date "2023.07.11"]
[Round "5"]
[White "Sinha, Sahil"]
[Black "Xu, Daniel"]
[Result "0-1"]
[WhiteElo "2327"]
[BlackElo "2223"]
[PlyCount "120"]
[EventDate "2023.07.09"]
[EventType "swiss"]
[EventRounds "9"]
[EventCountry "USA"]
[SourceTitle "CBM 215 Extra"]
[Source "ChessBase"]
[SourceDate "2023.09.30"]
[SourceVersion "1"]
[SourceVersionDate "2023.09.30"]
[SourceQuality "1"]

1. d4 Nf6 2. c4 g6 3. Nc3 Bg7 4. e4 d6 5. Be2 0-0 6. Nf3 e5 7. 0-0 Nc6 8. d5 Ne7 9. Ne1 Nd7 10. Be3 f5 11. f3 f4 12. Bf2 g5 13. Rc1 Ng6 14. Nb5 b6 15. b4 a6 16. Nc3 Rf7 17. c5 h5 18. cxb6 cxb6 19. Nb1 Nf6 20. Rc6 Rb8 21. a4 Bf8 22. Na3 Ne7 23. Rc3 g4 24. Nc4 g3 25. hxg3 fxg3 26. Bxg3 Ng6 27. a5 bxa5 28. Nxa5 Qe8 29. Nd3 h4 30. Bf2 Rg7 31. Nc6 Ra8 32. Kh2 Nh5 33. Rg1 Qd7 34. Bf1 Rh7 35. Qe1 Bh6 36. Be3 Qg7 37. Bf2 Bg5 38. Na7 Bd7 39. Rc7 Qh6 40. Rh1 Ng3 41. Kg1 Nxh1 42. Kxh1 Kh8 43. Nb2 Qf8 44. Qc3 h3 45. g3 Rf7 46. Be2 Kg8 47. Nc4 Bd8 48. Rb7 Bb5 49. Rxf7 Kxf7 50. Nxb5 axb5 51. Na3 Bg5 52. Nxb5 Ra2 53. Qc4 Ra1+ 54. Kh2 Kg8 55. Qc2 Rc1 56. Qb2 Qc8 57. Bd3 Rd1 58. f4 Nxf4 59. Nxd6 Qg4 60. Bg1 Nxd3 0-1

[Event "Titled Tuesday intern op 13th Jun Early"]
[Site "Chess.com INT"]
[Date "2023.06.13"]
[Round "2"]
[White "Kushko, Dmitriy"]
[Black "Xu, Daniel"]
[Result "1/2-1/2"]
[WhiteElo "2426"]
[BlackElo "2276"]
[PlyCount "115"]
[EventDate "2023.06.13"]
[EventType "swiss (blitz)"]
[EventRounds "11"]
[EventCountry "USA"]
[SourceTitle "EXT 2024"]
[Source "ChessBase"]
[SourceDate "2023.10.10"]
[SourceVersion "1"]
[SourceVersionDate "2023.10.10"]
[SourceQuality "1"]

1. Nf3 Nf6 2. g3 g6 3. Bg2 Bg7 4. 0-0 0-0 5. d4 d6 6. Re1 Nc6 7. e4 e5 8. c3 Re8 9. d5 Ne7 10. c4 Rf8 11. c5 dxc5 12. Nxe5 Ne8 13. f4 Nd6 14. Nc3 f5 15. Be3 fxe4 16. Bxc5 Bf5 17. Nxe4 Nxe4 18. Bxe4 Bxe4 19. Rxe4 Re8 20. d6 cxd6 21. Qb3+ d5 22. Rd4 Bxe5 23. fxe5 Qc8 24. Bxe7 Rxe7 25. Rxd5 Qe6 26. Rad1 Rae8 27. R1d2 Kg7 28. Qc3 Kg8 29. Qd4 Qf5 30. Re2 Qb1+ 31. Kg2 Qxa2 32. h4 Qa6 33. Re3 Qc6 34. Kh2 a6 35. Re2 Qe6 36. b4 Rf8 37. Rd6 Qf5 38. e6 Rfe8 39. Qc4 b5 40. Qe4 Qxe4 41. Rxe4 Kg7 42. Rxa6 Kf6 43. Rb6 Rxe6 44. Rexe6+ Rxe6 45. Rxb5 Re2+ 46. Kh3 Rb2 47. Rb7 h5 48. b5 Kf5 49. Rb8 Kf6 50. b6 Kg7 51. b7 Kh7 52. g4 Rb3+ 53. Kg2 hxg4 54. Kf2 Kg7 55. Ke2 Kh7 56. Kf2 Kg7 57. Kg2 Kh7 58. Kf2 1/2-1/2

[Event "Titled Tuesday intern op 13th Jun Early"]
[Site "Chess.com INT"]
[Date "2023.06.13"]
[Round "1"]
[White "Starozhilov, Leonid"]
[Black "Xu, Daniel"]
[Result "1-0"]
[WhiteElo "2294"]
[BlackElo "2276"]
[PlyCount "123"]
[EventDate "2023.06.13"]
[EventType "swiss (blitz)"]
[EventRounds "11"]
[EventCountry "USA"]
[SourceTitle "EXT 2024"]
[Source "ChessBase"]
[SourceDate "2023.10.10"]
[SourceVersion "1"]
[SourceVersionDate "2023.10.10"]
[SourceQuality "1"]

1. e4 c5 2. Nf3 d6 3. Bb5+ Nd7 4. 0-0 Ngf6 5. Re1 a6 6. Bxd7+ Bxd7 7. c3 e6 8. d4 cxd4 9. cxd4 d5 10. e5 Ne4 11. Nbd2 Nxd2 12. Bxd2 Be7 13. Qb3 Bc6 14. Bb4 0-0 15. Rac1 Qd7 16. Bxe7 Qxe7 17. Rc5 Rfc8 18. Rec1 Qd7 19. Qc3 Rd8 20. h4 Qe8 21. b3 Rdc8 22. Qb4 Bb5 23. Ne1 Rxc5 24. Qxc5 Bd7 25. Nd3 Rc8 26. Qd6 Rxc1+ 27. Nxc1 Bc6 28. Nd3 Qd7 29. Qb8+ Qe8 30. Qxe8+ Bxe8 31. Nc5 Bc6 32. Kf1 Kf8 33. Ke1 Ke7 34. Kd2 Kd8 35. Kc3 Kc7 36. a4 Kd8 37. Nd3 Kd7 38. g4 Kd8 39. f4 Ke7 40. Kb4 Kd8 41. Kc5 Kc7 42. a5 Bb5 43. Nf2 Be2 44. f5 Bf3 45. b4 Be2 46. f6 g6 47. g5 Bf3 48. Nd3 Be2 49. Nf4 Bg4 50. b5 axb5 51. Kxb5 Bf5 52. h5 gxh5 53. Nxh5 Bg6 54. Nf4 Bf5 55. Kc5 Bg4 56. Nd3 Bf5 57. Nc1 Bg6 58. Ne2 Bf5 59. Nc3 Bg6 60. Nb5+ Kd7 61. Kb6 Bd3 62. Nd6 1-0

[Event "CAN Transnational op"]
[Site "Montreal"]
[Date "2023.06.06"]
[Round "1"]
[White "Szabo, Gergely Andras"]
[Black "Xu, Daniel"]
[Result "1-0"]
[WhiteElo "2504"]
[BlackElo "2276"]
[PlyCount "73"]
[EventDate "2023.06.06"]
[EventType "swiss"]
[EventRounds "9"]
[EventCountry "CAN"]
[SourceTitle "CBM 214 Extra"]
[Source "ChessBase"]
[SourceDate "2023.07.31"]
[SourceVersion "1"]
[SourceVersionDate "2023.07.31"]
[SourceQuality "1"]

1. d4 Nf6 2. Nf3 g6 3. Nbd2 d5 4. e3 Bg7 5. b4 0-0 6. c4 c6 7. a4 Nbd7 8. Bb2 a5 9. b5 c5 10. Qb3 e6 11. Be2 b6 12. 0-0 Bb7 13. Rac1 Rc8 14. Rfd1 Qe7 15. Ba3 e5 16. cxd5 Bxd5 17. Bc4 Bb7 18. Qa2 Ne4 19. Nxe4 Bxe4 20. Bd5 exd4 21. Bxe4 Qxe4 22. exd4 Bh6 23. Re1 Qf5 24. Rcd1 Rfe8 25. Rxe8+ Rxe8 26. h3 Bg7 27. dxc5 Nxc5 28. Rd5 Qf4 29. Bxc5 Qc1+ 30. Kh2 bxc5 31. Qd2 Qa3 32. Rd8 Rf8 33. b6 Qb4 34. Rxf8+ Bxf8 35. Qxb4 axb4 36. Nd2 Bh6 37. Nc4 1-0

[Event "Titled Tuesday intern op 09th May Early"]
[Site "Chess.com INT"]
[Date "2023.05.09"]
[Round "3"]
[White "Xu, Daniel"]
[Black "Todorovic, Bojan"]
[Result "1-0"]
[WhiteElo "2268"]
[BlackElo "2195"]
[PlyCount "45"]
[EventDate "2023.05.09"]
[EventType "swiss (blitz)"]
[EventRounds "11"]
[EventCountry "USA"]
[SourceTitle "CBM 214 Extra"]
[Source "ChessBase"]
[SourceDate "2023.07.31"]
[SourceVersion "1"]
[SourceVersionDate "2023.07.31"]
[SourceQuality "1"]

1. e4 g6 2. d4 Bg7 3. Nc3 d6 4. Be3 a6 5. Qd2 Nd7 6. 0-0-0 b5 7. f3 Bb7 8. Nge2 c5 9. dxc5 Nxc5 10. Nd4 Nf6 11. Kb1 0-0 12. h4 b4 13. Nce2 Rb8 14. h5 Qc7 15. hxg6 fxg6 16. Nf4 Ncxe4 17. fxe4 Nxe4 18. Qe1 Bxd4 19. Rxd4 e5 20. Bc4+ d5 21. Nxd5 Bxd5 22. Bxd5+ Kh8 23. Rxe4 1-0

[Event "CAN-ch"]
[Site "Toronto"]
[Date "2023.04.10"]
[Round "7"]
[White "Latorre, Vincent"]
[Black "Xu, Daniel"]
[Result "1/2-1/2"]
[WhiteElo "2066"]
[BlackElo "2282"]
[PlyCount "95"]
[EventDate "2023.04.06"]
[EventType "swiss"]
[EventRounds "9"]
[EventCountry "CAN"]
[SourceTitle "CBM 213 Extra"]
[Source "ChessBase"]
[SourceDate "2023.05.31"]
[SourceVersion "1"]
[SourceVersionDate "2023.05.31"]
[SourceQuality "1"]

1. e4 c5 2. c3 d5 3. exd5 Qxd5 4. d4 Nc6 5. Nf3 Bg4 6. Be2 e6 7. 0-0 Nf6 8. Na3 cxd4 9. Nb5 Rc8 10. Nbxd4 Nxd4 11. Nxd4 Bxe2 12. Qxe2 Be7 13. Bf4 0-0 14. Rfe1 a6 15. a4 Rfe8 16. Nf3 Qb3 17. Be5 Nd7 18. Bd4 e5 19. Nxe5 Bd6 20. Qg4 Nf6 21. Qg5 h6 22. Qd2 Rcd8 23. Nf3 Ne4 24. Qd3 Nc5 25. Rxe8+ Rxe8 26. Bxc5 Bxc5 27. Qd2 Qc4 28. b4 Re2 29. Qd8+ Bf8 30. Qd4 Qxd4 31. Nxd4 Rd2 32. Rb1 g6 33. Kf1 Bg7 34. Ke1 Rd3 35. Ne2 Bxc3+ 36. Nxc3 Rxc3 37. Rb2 b5 38. a5 Kf8 39. Kd2 Rc4 40. Rc2 Rxb4 41. Rc6 Rf4 42. Ke3 Ra4 43. Rxa6 Ke7 44. Ra7+ Ke6 45. a6 b4 46. Kd4 Ra2 47. Rb7 Rxa6 48. Rxb4 1/2-1/2

[Event "CAN-ch"]
[Site "Toronto"]
[Date "2023.04.09"]
[Round "6"]
[White "Xu, Daniel"]
[Black "Plotkin, Victor"]
[Result "1/2-1/2"]
[WhiteElo "2282"]
[BlackElo "2172"]
[PlyCount "159"]
[EventDate "2023.04.06"]
[EventType "swiss"]
[EventRounds "9"]
[EventCountry "CAN"]
[SourceTitle "CBM 213 Extra"]
[Source "ChessBase"]
[SourceDate "2023.05.31"]
[SourceVersion "1"]
[SourceVersionDate "2023.05.31"]
[SourceQuality "1"]

1. e4 e5 2. Nf3 Nf6 3. Nxe5 d6 4. Nf3 Nxe4 5. Nc3 Nxc3 6. dxc3 Be7 7. Be3 Nc6 8. Qd2 Be6 9. 0-0-0 Qd7 10. Kb1 a6 11. h3 Bf6 12. Re1 0-0-0 13. b3 Kb8 14. g4 h6 15. Bg2 Rhe8 16. Nd4 Nxd4 17. cxd4 d5 18. f4 Qb5 19. f5 Bc8 20. h4 Be7 21. Bf1 Qb6 22. Bd3 f6 23. c3 Bd7 24. g5 fxg5 25. hxg5 hxg5 26. Bxg5 Bf6 27. Bf4 Rxe1+ 28. Qxe1 Ka8 29. Qg3 Rc8 30. Be5 c5 31. Rc1 c4 32. Bc2 cxb3 33. axb3 Bxf5 34. Kb2 Bxc2 35. Rxc2 Qc6 36. Qf3 Bxe5 37. dxe5 Qe6 38. Qg3 g6 39. Qg5 Re8 40. Rd2 Qxe5 41. Qxg6 Rc8 42. Qd3 Kb8 43. Qd4 Qxd4 44. Rxd4 Rd8 45. c4 Kc7 46. cxd5 Kd6 47. Rd1 Re8 48. Ka3 Re5 49. Rh1 Rxd5 50. Kb4 Kc6 51. Rh6+ Rd6 52. Rh5 Kb6 53. Rg5 Rd4+ 54. Kc3 Re4 55. Rg6+ Kc5 56. Rg5+ Kd6 57. Rg6+ Re6 58. Rg5 Kc6 59. Kb4 b6 60. Rh5 a5+ 61. Kc4 b5+ 62. Kd4 Kb6 63. Kc3 Re3+ 64. Kb2 b4 65. Rh6+ Kc5 66. Rh4 Re2+ 67. Kb1 Kd5 68. Rc4 Re4 69. Rc8 Kd4 70. Kb2 Re2+ 71. Kb1 Kd3 72. Rc5 Rf2 73. Rxa5 Kc3 74. Rh5 Rb2+ 75. Ka1 Rd2 76. Kb1 Kxb3 77. Rh3+ Ka4 78. Rg3 Rh2 79. Rf3 b3 80. Rf8 1/2-1/2

[Event "CAN-ch"]
[Site "Toronto"]
[Date "2023.04.07"]
[Round "3"]
[White "Noritsyn, Nikolay"]
[Black "Xu, Daniel"]
[Result "1-0"]
[WhiteElo "2444"]
[BlackElo "2282"]
[PlyCount "75"]
[EventDate "2023.04.06"]
[EventType "swiss"]
[EventRounds "9"]
[EventCountry "CAN"]
[SourceTitle "CBM 213 Extra"]
[Source "ChessBase"]
[SourceDate "2023.05.31"]
[SourceVersion "1"]
[SourceVersionDate "2023.05.31"]
[SourceQuality "1"]

1. e4 c5 2. Nf3 d6 3. d4 cxd4 4. Nxd4 Nf6 5. Nc3 a6 6. Nb3 Nbd7 7. a4 b6 8. g4 Bb7 9. Bg2 h6 10. f4 e5 11. g5 hxg5 12. fxg5 Nh5 13. Qf3 g6 14. h4 Bg7 15. Be3 Rc8 16. Bh3 Nf4 17. 0-0-0 Qe7 18. Bxd7+ Qxd7 19. Bxb6 Rxc3 20. bxc3 Qxa4 21. Rhe1 Qa3+ 22. Kb1 0-0 23. Ba5 Rc8 24. Bb4 Qa4 25. Rxd6 a5 26. Bxa5 Kh7 27. Rd8 Rc6 28. Kb2 Ra6 29. Rb8 Qb5 30. Qd1 Ra8 31. Rxa8 Bxa8 32. Qd8 Ng2 33. Qxa8 Nxe1 34. c4 Qa4 35. Qd5 Ng2 36. Qb5 Qxb5 37. cxb5 Ne3 38. Bc7 1-0